| 000 | 00694nam a2200217 i 4500 | ||
|---|---|---|---|
| 001 | 149370 | ||
| 003 | ES-MaACL | ||
| 005 | 20250822100423.0 | ||
| 007 | t| | ||
| 008 | 071022s1958 sp |||| | spa d | ||
| 080 | _a821.131.1-7"19" | ||
| 100 | 1 |
_aVaraldo, Alessandro. _9113115 |
|
| 245 | 1 | 3 |
_aLa dinastía de fantasmas / _cAlessandro Varaldo ; [versión española de Andrés Guilman]. |
| 260 |
_aBarcelona : _bEdiciones G P, _c[1958] |
||
| 300 |
_a123 p. ; _c17 cm. |
||
| 490 | 1 |
_aLibros de humor "El Gorrión" ; _v14 |
|
| 700 | 1 |
_aGuilman, Andrés. _960830 |
|
| 830 | 0 | 0 |
_aLibros de humor "El Gorrión" _v14 _9181844 |
| 852 |
_aES-MaACL _jC-17073 |
||
| 999 |
_c149370 _d149370 |
||